Ze všech nejkrásnější národní pohádky o zvířátkách a dětech /

Další autoři: Mates, Rudolf, 1881-1966
Jazyk: Čeština
Vydáno: Praha : E. Weinfurter, [1927]
Témata:
Fyzický popis: 1 l., 63 s., obr. příl.
Knihy
Uloženo v:
LEADER 00756nam a22002172a 4500
001 000757085
003 CZ BrMZK
005 20041222104016.0
007 ta
008 041222s1927 xr er|||||||||||cze d
015 |a cnb000931360 
035 |a (OCoLC)42678050 
040 |a BOA001  |b cze 
245 0 0 |a Ze všech nejkrásnější národní pohádky o zvířátkách a dětech /  |c zobrazil Rudolf Mates 
260 |a Praha :  |b E. Weinfurter,  |c [1927] 
300 |a 1 l., 63 s., obr. příl. 
700 1 |a Mates, Rudolf,  |d 1881-1966  |7 jk01080709  |4 aut  |4 ill 
910 |a BOA001  |b PK-N-0011.449 
964 |a Pohádky lidové české - vydání ilustrovaná 
990 |a BK 
996 7 |b 3119648991  |c PK-N-0011.449  |l MZK  |r Sklad / do 1 hodiny  |n 2  |w 000757085  |u 000010  |a 1  |e BOA001  |j MZK50  |s A